Cuba : caminos de Revolución : Antes del 59 /

Kaydedildi:
Detaylı Bibliyografya
Yazar: Galiardo, Juan Luis (producción)
Diğer Yazarlar: Vives, Camilo (producción) (producción), Segura, Alberto (producción) (producción), Chávez, Rebeca (realización) (realización), Chávez, Rebeca (guión) (guión), Suárez, Pedro (montaje) (montaje), Alejandro, Edesio (música) (música), Cisneros, Ernesto (música) (música), Acanda, Julio (narración) (narración), Rodríguez, José Antonio (realización) (realización), Vega, Pastor (realización) (realización), Vega, Pastor (guión) (guión), Lores, Mirita (montaje) (montaje), Vidal, Consuelo (narración) (narración), Torres, Miguel (realización) (realización), Centeno, Guillermo (fotógrafo) (fotógrafo), Cambre, Gladys (montaje) (montaje), Travieso, Félix (narración) (narración), Torres, Carlos (narración) (narración), López Gómez, Jesús (narración) (narración), Chávez, Rebeca (texto del folleto) (texto del folleto)
Materyal Türü: Saydam/Asetat
Dil:İspanyolca
Baskı/Yayın Bilgisi: La Habana, Cuba : Madrid, España : La Laguna, España : Instituto Cubano del Arte e Industria Cinematográficos ; Gran Vía Musical ; Impulso Records, 1972-2004
Seri Bilgileri:(Cuba: Caminos de Revolución ; 2)
Konular:
Etiketler: Etiketle
Etiket eklenmemiş, İlk siz ekleyin!

MARC

LEADER 00000ngm^a2200000^a^4500
001 000189542
005 20251020000000.0
009 20260310102418.678
037 |a Acervo ITESO - Biblioteca 
041 |a ESP 
082 |a 320. 97291064  |b GAL V. 2 
100 |a Galiardo, Juan Luis  |e (producción) 
240 1 1 |a [Cuba: caminos de Revolución] 
245 1 0 |a Cuba :  |b caminos de Revolución : Antes del 59 /  |c Prod. de J.L. Galiardo, C. Vives, A. Segura ; realización de R. Chávez. 
264 1 |a La Habana, Cuba :  |b Instituto Cubano del Arte e Industria Cinematográficos ;  |a Madrid, España :  |b Gran Vía Musical ;  |a La Laguna, España :  |b Impulso Records,  |c 1972-2004 
264 2 |a México :  |b La Jornada [distribución],  |c fecha no identificada 
300 |a 1 DVD multirregión (55, 28, 96, 14 min.) :  |b blanco y negro, color +  |e 1 lámina 
336 |a imagen móvil bidimensional  |b tdi  |2 rdacontenido 
337 |a video  |b v  |2 rdamedio 
338 |a videodisco  |b vd  |2 rdasoporte 
440 1 |a (Cuba: Caminos de Revolución ;  |v 2) 
649 |a XX 
650 |a Independentistas Cubanos 
650 |a Revolucionarios Cubanos 
650 |a Políticos Cubanos 
650 |a Documentales 
650 |a Cortometrajes y Mediometrajes Cubanos 
650 |a Opera Prima 
650 |a Cine en Blanco y Negro -  |z Cuba 
650 |a Cine de Mujeres -  |z Cuba 
650 |a Cine Cubano -  |y 1970-1979 
650 |a Cine Cubano -  |y 1980-1989 
650 |a Cine Cubano -  |y Siglo XX 
650 |a Cine Cubano -  |y 2000-2009 
650 |a Cine Cubano -  |y Siglo XXI 
650 |a Monumentos Conmemorativos -  |z La Habana, Cuba 
650 |a Relaciones Internacionales -  |z Cuba-EUA -  |x Historia -  |y Siglo XX 
650 |a Política -  |z Cuba -  |x Historia -  |y Siglo XX 
650 |a Cuba -  |x Historia -  |y 1898-1953 
650 |a Cuba -  |x Historia -  |y 1953-1959 
650 |a Cuba -  |x Historia -  |y Siglo XX -  |x Tema Principal 
650 |a Martí, José 
740 0 |a Antes del 59 /  |c Realización de R. Chávez. 
740 3 |a La primera intervención /  |c Realización de J.A. Rodríguez... [et al.]. 
740 0 |a Viva la república /  |c Realización de P. Vega. 
740 0 |a Crónica de una infamia /  |c Realización de M. Torres. 
740 0 |a "Antes del 59" /  |c Texto de la lámina de R. Chávez. 
700 |a Vives, Camilo  |e (producción) 
700 |a Segura, Alberto  |e (producción) 
700 |a Chávez, Rebeca  |e (realización) 
700 |a Chávez, Rebeca  |e (guión) 
700 |a Suárez, Pedro  |e (montaje) 
700 |a Alejandro, Edesio  |e (música) 
700 |a Cisneros, Ernesto  |e (música) 
700 |a Acanda, Julio  |e (narración) 
700 |a Rodríguez, José Antonio  |e (realización) 
700 |a Vega, Pastor  |e (realización) 
700 |a Vega, Pastor  |e (guión) 
700 |a Lores, Mirita  |e (montaje) 
700 |a Vidal, Consuelo  |e (narración) 
700 |a Torres, Miguel  |e (realización) 
700 |a Centeno, Guillermo  |e (fotógrafo) 
700 |a Cambre, Gladys  |e (montaje) 
700 |a Travieso, Félix  |e (narración) 
700 |a Torres, Carlos  |e (narración) 
700 |a López Gómez, Jesús  |e (narración) 
700 |a Chávez, Rebeca  |e (texto del folleto) 
910 |a Fondo General 
920 |a Audiovisuales - DVDs 
940 |a Películas 
905 |a 302 
901 |a 0500129159  |b IT2  |c DVS  |u 20250521 
901 |a 0500129202  |b IT2  |c MIN  |u 20251020 
902 |a https://opac.biblio.iteso.mx/vufind/Record/000189542